000 00439nam a2200157 a 4500
001 000046894
005 20201002053206.0
008 180406s2016 000 spa d
020 _a9789945175592
040 _aDO-SdBNP
_bspa
_cBNPHU
082 _axxxx
_bxxxx
245 1 0 _aHola, Jesús 1 primaria :
_breligión católica.
260 _aSanto Domingo :
_bSM,
_c2016.
300 _a111 p. :
_bil. ;
_c28 cm.
590 _aInventariado, 2018/BT
999 _c46383
_d46383